000 01368cam a22002891i 4500
003 SA-RiAUC
005 20250913053613.0
008 250912s1999 ts f b f000 0 ara c
040 _aJO-IrYU
_bara
_cSA-RiAUC
_erda
043 _af------
082 0 4 _a213.96
090 _a213.96
_bم ا ح
100 1 _aالماحي، عبد الرحمن عمر،
_d1937-2013
_eمؤلف.
245 1 2 _aالدعوة الإسلامية في إفريقيا :
_bالواقع والمستقبل /
_cتأليف عبد الرحمن عمر الماحي.
250 _aالطبعة الأولى.
264 1 _aالشارقة، الإمارات العربية المتحدة ؛
_aأبو ظبي :
_bدائرة الثقافة والإعلام،
_c1999.
300 _a198 صفحة ؛
_c24 سم.
336 _aنص
_btxt
_2rdacontent
_3كتاب
337 _aبدون وسيط
_bn
_2rdamedia
338 _aمجلد
_bnc
_2rdacarrier
490 1 _aرسائل جامعية / دائرة الثقافة والإعلام، الشارقة، الإمارات العربية المتحدة ؛
_v6
504 _aيشتمل على إرجاعات ببليوجرافية.
650 7 _aالدعوة الإسلامية
_zإفريقيا
_2aucsh
830 0 _aرسائل جامعية (دائرة الثقافة والإعلام)
_v6
942 _2ddc
_cBOOK
_n0
949 _aSA-JeALM
_d250912
_umohamedma123
_n1
999 _c11662
_d11662